Semillas y frutos de uso artesanal en Panamá / (Registro nro. 17836)

Detalles MARC
000 -CABECERA
Campo de control 01176cam a22003017a 4500
005 - FECHA Y HORA DE LA ULTIMA TRANSACCION
Campo de control 20151006100153.0
008 - ELEMENTOS DE LONGITUD FIJA—INFORMACION GENERAL
Campo de control 121101s2009 cr a b 001 0 spa d
020 ## - ISBN
ISBN 9789968927536
040 ## - FUENTE DE CATALOGACIÓN
Agencia catalogadora original MOA
Agencia transcriptora MOA
Agencia Modificadora CHRRO
-- ZWZ
-- DLC
-- CO-BoIAVH
041 0# - IDIOMA
Código de idioma para texto/pista de sonido o título separado Español
044 ## - PAÍS DE PUBLICACIÓN
País de publicación Costa Rica
082 04 - NUMERO DE CLASIFICACION DECIMAL DEWEY
Número de clasificación 631.521
Número del ítem T68s
100 1# - ASIENTO PRINCIPAL--NOMBRE PERSONAL
Nombre personal Toribio, Noris.
9 (RLIN) 40471
245 10 - MENCION DE TITULO
Título Semillas y frutos de uso artesanal en Panamá /
Mención de responsabilidad Noris Toribio, Mireya Correa ; J. Francisco Morales, editor científico.
250 ## - MENCION DE EDICION
Mención de edición 1. ed.
260 ## - PUBLICACION, DISTRIBUCION, ETC. (PIE DE IMPRENTA)
Lugar de publicación, distribución, etc. Santo Domingo, Heredia, Costa Rica :
Nombre del editor, distribuidor, etc. Instituto Nacional de Biodiversidad,
Fecha de publicación, distribución, etc. 2009.
300 ## - DESCRIPCION FISICA
Extensión 110 páginas :
Otros detalles físicos ilustraciones (algunas a color) ;
Dimensiones 23 cm.
504 ## - NOTA DE BIBLIOGRAFIA, ETC.
Nota de bibliografía Incluye referencias bibliográficas (páginas 103-106) y índices.
650 #0 - ASIENTO SECUNDARIO DE MATERIA - TERMINO TEMATICO
Término temático o nombre geográfico como elemento de entrada Plantas, Aprovechamiento
Subdivisión geográfica Panamá.
9 (RLIN) 40472
650 #0 - ASIENTO SECUNDARIO DE MATERIA - TERMINO TEMATICO
Término temático o nombre geográfico como elemento de entrada Artesanía
Subdivisión geográfica Panamá.
9 (RLIN) 40473
650 #0 - ASIENTO SECUNDARIO DE MATERIA - TERMINO TEMATICO
Término temático o nombre geográfico como elemento de entrada Abalorios
Subdivisión geográfica Panamá.
9 (RLIN) 40474
650 #0 - ASIENTO SECUNDARIO DE MATERIA - TERMINO TEMATICO
Término temático o nombre geográfico como elemento de entrada Plantas
Subdivisión geográfica Panamá.
9 (RLIN) 40475
650 #7 - ASIENTO SECUNDARIO DE MATERIA - TERMINO TEMATICO
Término temático o nombre geográfico como elemento de entrada Plantación
Subdivisión geográfica Panamá.
9 (RLIN) 40476
650 #7 - ASIENTO SECUNDARIO DE MATERIA - TERMINO TEMATICO
Término temático o nombre geográfico como elemento de entrada Plantación
Subdivisión general Utilización
Subdivisión geográfica Panamá.
9 (RLIN) 40477
700 1# - ASIENTO SECUNDARIO - NOMBRE PERSONAL
Nombre personal Correa A., Mireya D.
9 (RLIN) 40478
700 1# - ASIENTO SECUNDARIO - NOMBRE PERSONAL
Nombre personal Morales, J. Francisco
Forma más completa del nombre (Juan Francisco),
Fechas asociadas con el nombre 1970-
9 (RLIN) 40479
942 ## - ELEMENTOS ADICIONALES (KOHA)
Sistema de clasificación Dewey Decimal Classification
Tipo de ítem Libro
Existencias
Withdrawn status Lost status Sistema de Clasificación Damaged status No para préstamo Colección Inventariado Ubicación Permanente Ubicación actual Fecha de adquisición Fuente de Valor Valor Total Checkouts Número topográfico Inventario / Código de Barras Date last seen Ejemplar Price effective from Forma de adquisición Tipo de material
    Dewey Decimal Classification     General Inventariado 2017 Bogotá Bogotá 06/10/2015 Instituto 39000.00   LB-631.521 T68s 028291 06/10/2015 Ej. 1 06/10/2015   Libro